| Tag |
First Indicator |
Second Indicator |
Subfields |
| LEADER |
00000cam a22000004a 4500 |
| 001 |
in00002188317 |
| 005 |
20151104070242.0 |
| 008 |
060126s2006 ilu b 001 0 eng c |
| 010 |
|
|
|a 2006002781
|
| 015 |
|
|
|a GBA651044
|2 bnb
|
| 016 |
7 |
|
|a 013480345
|2 Uk
|
| 020 |
|
|
|a 0810122995 (pbk. : alk. paper)
|
| 024 |
3 |
|
|a 9780810122994
|
| 035 |
|
|
|a (OCoLC)ocm63245425
|
| 040 |
|
|
|a IEN/DLC
|c DLC
|d BAKER
|d UKM
|d C#P
|d UtOrBLW
|
| 042 |
|
|
|a pcc
|
| 043 |
|
|
|a n-us---
|
| 049 |
|
|
|a TXAM
|
| 050 |
0 |
0 |
|a PN4784.W37
|b S94 2006
|
| 082 |
0 |
0 |
|a 070.4/3330973
|2 22
|
| 100 |
1 |
|
|a Sweeney, Michael S.
|
| 245 |
1 |
4 |
|a The military and the press :
|b an uneasy truce /
|c Michael S. Sweeney ; foreword by Roy Gutman.
|
| 264 |
|
1 |
|a Evanston, Ill. :
|b Medill School of Journalism, Northwestern University Press,
|c 2006.
|
| 300 |
|
|
|a xxiii, 297 pages ;
|c 21 cm.
|
| 336 |
|
|
|a text
|b txt
|2 rdacontent
|
| 337 |
|
|
|a unmediated
|b n
|2 rdamedia
|
| 338 |
|
|
|a volume
|b nc
|2 rdacarrier
|
| 490 |
1 |
|
|a Visions of the American press
|
| 504 |
|
|
|a Includes bibliographical references (pages 263-279) and index.
|
| 505 |
0 |
|
|a On the shoulders of giants : war correspondents before World War I -- Words as weapons : World War I propaganda and censorship -- A free and patriotic press : journalists and the home front in World War II -- On the team : reporting, and supporting, World War II -- The great divorce : Korea and Vietnam -- See no evil : controlling access in the 1980s and 1990s -- The velvet glove : press-military accommodation in the twenty-first century -- The future : the quest for more light.
|
| 650 |
|
0 |
|a War correspondents
|z United States.
|
| 650 |
|
0 |
|a War
|x Press coverage
|z United States.
|
| 650 |
|
0 |
|a Censorship
|z United States.
|
| 830 |
|
0 |
|a Visions of the American press.
|
| 856 |
4 |
1 |
|3 Table of contents
|u http://www.loc.gov/catdir/toc/ecip067/2006002781.html
|t 0
|
| 938 |
|
|
|a Baker & Taylor
|b BKTY
|c 24.95
|d 24.95
|i 0810122995
|n 0006690867
|s active
|
| 945 |
|
|
|i PromptCat
|
| 947 |
|
|
|a A14834365764
|
| 994 |
|
|
|a 92
|b TXA
|
| 948 |
|
|
|a cataloged
|b h
|c 2006/9/12
|d c
|e rbarron
|f 3:35:55 pm
|
| 999 |
|
|
|a MARS
|
| 999 |
f |
f |
|s 36d82d72-abd6-3dd9-9d47-131bef8787af
|i cb9b57a1-2a25-38ff-a6c9-80f9ca1068aa
|t 0
|
| 952 |
f |
f |
|p normal
|a Texas A&M University
|b College Station
|c Sterling C. Evans Library
|d Evans: Library Stacks
|t 0
|e PN4784.W37 S94 2006
|h Library of Congress classification
|i unmediated -- volume
|m A14834365764
|
| 998 |
f |
f |
|a PN4784.W37 S94 2006
|t 0
|l Evans: Library Stacks
|